01392 2200241 4500001002100000005001500021035002000036001002100056005001500077035002000092035002000112245004200132100001900174250001700193300002800210260004600238082000800284084001400292020001800306650001000324520080200334600001401136INLIS00000000000088520250120111541 a0010-0125000058INLIS00000000000007820240426095421 a0010-0524000095 a0010-04240000221 aAwas Bahaya Narkoba /cBenny Rhamdani0 aBenny Rhamdani acetakan ke-1 a44 hlm :bIlus ;c21 cm aJakarta :bDharma Utama Publishing,c2006 a813 a813 BEN a a979-121-215-5 4aRokok aBuku Merokok Itu Konyol berisi pengetahuan tentang berbahayanya menjadi seorang perokok. Karena di dalam sebatang rokok terkandung banyak racun yang berbahaya bagi tubuh walaupun dampaknya tidak langsung terlihat. Selain itu, perokok pasif, orang yang tidak merokok tapi sering terhirup asap rokok, juga terkena dampak berbahaya dari rokok. Melalui buku ini, diharapkan kalian dapat berpikir beribu- ribu kali sebelum mencoba untuk mengisap sebatang rokok. Banyak faktor yang memengaruhi seseorang untuk menjadi seorang perokok, di antaranya pengaruh orang tua yang men- jadi perokok berat, ikut-ikutan teman atau coba-coba. Tapi, walaupun begitu jika kalian menyadari bahaya rokok tentu tidak akan pernah mencobanya, kan? Karena kesehatan adalah anugerah Tuhan yang harus kita jaga dengan baik 4akesehatan